| 000 | 00658nam a22002177a 4500 | ||
|---|---|---|---|
| 999 |
_c22635 _d22635 |
||
| 003 | OSt | ||
| 005 | 20210830102708.0 | ||
| 008 | 170213b xxu||||| |||| 00| 0 eng d | ||
| 010 | _a 99018616 | ||
| 020 | _a0071093680 | ||
| 040 |
_aMMU _cMMU _dMMU _beng. |
||
| 050 | 0 | 0 |
_aQP141 _b.W378 2000 |
| 100 | 1 | _aWardlaw, Gordon M. | |
| 245 | 1 | 0 |
_aContemporary nutrition : _bissues and insights / _cGordon M. Wardlaw. |
| 250 | _a4th ed. | ||
| 260 |
_aBoston : _bMcGraw-Hill, _c2000. |
||
| 300 |
_axxiv, 576, [175] p. : _bill. (chiefly col.) ; _c28 cm. |
||
| 500 | _aIncludes bibliographical references and index. | ||
| 650 | 0 | _aNutrition. | |
| 942 |
_2lcc _cLOAN LOAN |
||